| 000 | 00710nam a2200229Ia 4500 | ||
|---|---|---|---|
| 003 | GCL | ||
| 008 | 140319s9999 xx 000 0 ara d | ||
| 040 |
_aGCL / _cGCL |
||
| 082 | 0 | 4 |
_a811.008 _bم د |
| 100 | 1 | _aعزالدين المناصرة | |
| 245 | 1 | 0 |
_aالدم فى الحدائق : شعر / _cعزالدين المناصرة |
| 700 | 1 | _aمحمد مهران | |
| 700 | 1 | _aحسن توفيق | |
| 700 | 1 | _aمحمد مهران السيد | |
| 700 | 1 | _aعز الدين اسماعيل (تقديم) | |
| 300 | _a176 ص | ||
| 490 | _a | ||
| 650 | 0 | 4 | _aالادب العربى |
| 650 | 0 | 4 | _aالعصر الحديث |
| 650 | 0 | 4 | _aالشعر العربى - دواوين وقصائد |
| 942 |
_2ddc _cBK |
||
| 999 |
_c40296 _d40296 |
||